Identifikácia pôvodu aróm v kozmetických výrobkoch pomocou enantiomérneho zastúpenia vybraných chirálnych zlúčenín

Gespeichert in:
Bibliographische Detailangaben
1. Verfasser: Rušinová, Stanislava (Verfasst von)
Weitere Verfasser: Khvalbota, Liudmyla (Betreuung Doktorarbeit)
Format: Manuskript Buch
Sprache:Slowakisch
Veröffentlicht: 2025
Schlagworte:
Online-Zugang:http://is.stuba.sk/zp/portal_zp.pl?podrobnosti=183363
Tags: Tag hinzufügen
Keine Tags, Fügen Sie das erste Tag hinzu!

MARC

LEADER 00000ntm a22000003a 4500
001 stuzp104988
003 SK-STU
005 20250607211012.5
007 ta
008 150427s2015----xo-----f-mn---000-0-slo-d
040 |a STU  |b slo 
041 0 |a slo 
100 1 |a Rušinová, Stanislava  |u 041000  |4 aut  |U FCHPT Fakulta chemickej a potravinárskej technológie  |T FCHPT Ústav analytickej chémie  |X 110923  |U C1000  |Y 99  |7 110923 
242 0 1 |a Authentication of flavourings in cosmetic products by enantiomer composition of selected chiral compounds  |y eng 
245 1 0 |a Identifikácia pôvodu aróm v kozmetických výrobkoch pomocou enantiomérneho zastúpenia vybraných chirálnych zlúčenín 
260 |c 2025 
650 4 |a chiral compounds  |2 eng 
650 4 |a enantiomeric ratio  |2 eng 
650 4 |a GC-MS  |2 eng 
650 4 |a cosmetic products  |2 eng 
650 4 |a essential oils  |2 eng 
650 4 |a kozmetické výrobky  |2 slo 
650 4 |a chirálne zlúčeniny  |2 slo 
650 4 |a enantiomérny pomer  |2 slo 
650 4 |a GC-MS  |2 slo 
650 4 |a esenciálne oleje  |2 slo 
700 1 |a Khvalbota, Liudmyla  |u 041000  |k Z2  |4 ths  |U FCHPT Fakulta chemickej a potravinárskej technológie  |T FCHPT Ústav analytickej chémie  |X 88223  |U C1000  |Y 99  |7 88223 
856 4 |u http://is.stuba.sk/zp/portal_zp.pl?podrobnosti=183363